Automotive electrics and electronics lighting technology (Record no. 566613)
[ view plain ]
| 000 -LEADER | |
|---|---|
| fixed length control field | 00854nam a22001937a 4500 |
| 003 - CONTROL NUMBER IDENTIFIER | |
| control field | CEME |
| 005 - DATE AND TIME OF LATEST TRANSACTION | |
| control field | 20210628201628.0 |
| 008 - FIXED-LENGTH DATA ELEMENTS--GENERAL INFORMATION | |
| fixed length control field | 210212b xxu||||| |||| 00| 0 eng d |
| 020 ## - INTERNATIONAL STANDARD BOOK NUMBER | |
| International Standard Book Number | 0-7680-0508-6 |
| 040 ## - CATALOGING SOURCE | |
| Transcribing agency | . |
| 082 ## - DEWEY DECIMAL CLASSIFICATION NUMBER | |
| Classification number | 629.254 GAN |
| 100 ## - MAIN ENTRY--PERSONAL NAME | |
| Personal name | Gansert, W Bertram, T |
| 9 (RLIN) | 56089 |
| 245 ## - TITLE STATEMENT | |
| Title | Automotive electrics and electronics lighting technology |
| 250 ## - EDITION STATEMENT | |
| Edition statement | 3RD |
| 260 ## - PUBLICATION, DISTRIBUTION, ETC. | |
| Place of publication, distribution, etc. | USA |
| Name of publisher, distributor, etc. | SAE |
| Date of publication, distribution, etc. | 1999 |
| 300 ## - PHYSICAL DESCRIPTION | |
| Extent | 315P |
| 650 ## - SUBJECT ADDED ENTRY--TOPICAL TERM | |
| Topical term or geographic name entry element | VEHICLE ELECTRICAL SYSTEMS AND CIRCUIT DIAGRAMS ELECTROMAGNETIC COMPATIBILITY STARTER BATTERIES DRIVE-TRACTION BATTERIES ALTERNATORS STARTING SYSTEMS LIGHTING TECHNOLOGY CLEANING SYSTEMS THEFT DETERENCE SYSTEMS COMFORT AND CONVENIENCE SYSTEMS VEHICLE NAVIGATION AND INFORMATION SYSTEMS OCCUPANT SAFETY SYSTEMS DRIVING SAFETY SYSTEMS GASOLINE ENGINE MANAGEMENT DIESEL ENGINE MANAGEMENT |
| 9 (RLIN) | 56090 |
| 942 ## - ADDED ENTRY ELEMENTS (KOHA) | |
| Koha item type | Book |
| Source of classification or shelving scheme | |
| Withdrawn status | Lost status | Damaged status | Not for loan | Permanent Location | Current Location | Shelving location | Date acquired | Total Checkouts | Full call number | Barcode | Date last seen | Price effective from | Koha item type |
|---|---|---|---|---|---|---|---|---|---|---|---|---|---|
| College of Electrical & Mechanical Engineering (CEME) | College of Electrical & Mechanical Engineering (CEME) | General Stacks | 07/11/2017 | 629.254 GAN | CEME-34896 | 06/28/2021 | 06/28/2021 | Book |
